Top 10 Portugal National Football Team Goalscorers - Statistics

General Stats
  • This quiz has been taken 99 times
  • The average score is 6 of 10
Answer Stats
Rank Player Goals Caps Avarage Career % Correct
1 Cristiano Ronaldo 118 196 0.61 2003-?
99%
3 Eusébio 41 64 0.64 1961-1973
95%
4 Luís Figo 32 127 0.25 1991-2006
94%
7 Rui Costa 26 94 0.28 1993-2004
67%
8 Nani 24 112 0.21 2006-2017
57%
2 Pauleta 47 88 0.53 1997-2006
57%
5 Nuno Gomes 29 79 0.37 1996-2011
48%
6 Hélder Postiga 27 71 0.38 2003-2014
34%
9 João Pinto 23 81 0.30 1991-2002
15%
10 Nené 22 66 0.33 1971-1984
8%
No matching quizzes found
Score Distribution
Percent of People with Each Score
Percentile by Number Answered
Your Score History
You have not taken this quiz